<?xml version="1.0" encoding="UTF-8"?>
<collection xmlns="http://www.loc.gov/MARC21/slim">
 <record>
  <leader>06260ntm a22006737i 4500</leader>
  <controlfield tag="001">000658134</controlfield>
  <controlfield tag="003">CZ-PrVSE</controlfield>
  <controlfield tag="005">20200822063652.0</controlfield>
  <controlfield tag="006">m        d</controlfield>
  <controlfield tag="007">cr n||||||||||</controlfield>
  <controlfield tag="008">200822s2020    xr     fsbm   000 0 eng d</controlfield>
  <datafield tag="STA" ind1=" " ind2=" ">
   <subfield code="a">NEZPRACOVANÝ IMPORT</subfield>
  </datafield>
  <datafield tag="040" ind1=" " ind2=" ">
   <subfield code="a">ABA006</subfield>
   <subfield code="b">cze</subfield>
   <subfield code="c">ABA006</subfield>
   <subfield code="d">ABA006</subfield>
   <subfield code="e">rda</subfield>
  </datafield>
  <datafield tag="100" ind1="1" ind2=" ">
   <subfield code="a">Farhi-Zimmerman, Mariela</subfield>
   <subfield code="%">ISIS:105993</subfield>
   <subfield code="4">dis</subfield>
  </datafield>
  <datafield tag="242" ind1="1" ind2="0">
   <subfield code="a">CULTURAL DIMENSIONS TO FOSTER COMPETITIVENESS OF THE CZECH REPUBLIC AND ARGENTINA. THE U.S. IS USED AS A REFERENCE GROUP.</subfield>
   <subfield code="y">eng</subfield>
  </datafield>
  <datafield tag="245" ind1="1" ind2="0">
   <subfield code="a">Cultural Dimensions of Czech Republic and Argentina, to foster Competitiveness /</subfield>
   <subfield code="c">Mariela Farhi-Zimmerman</subfield>
  </datafield>
  <datafield tag="264" ind1=" " ind2="0">
   <subfield code="c">2020</subfield>
  </datafield>
  <datafield tag="300" ind1=" " ind2=" ">
   <subfield code="a">?? stran :</subfield>
   <subfield code="3">digital, PDF soubor</subfield>
  </datafield>
  <datafield tag="500" ind1=" " ind2=" ">
   <subfield code="a">Vedoucí práce: Dana Zadražilová</subfield>
  </datafield>
  <datafield tag="502" ind1=" " ind2=" ">
   <subfield code="a">Disertační práce (Ph.D.)—Vysoká škola ekonomická v Praze. Fakulta mezinárodních vztahů, 2020</subfield>
  </datafield>
  <datafield tag="504" ind1=" " ind2=" ">
   <subfield code="a">Obsahuje bibliografii</subfield>
  </datafield>
  <datafield tag="516" ind1=" " ind2=" ">
   <subfield code="a">Textový (vysokoškolská kvalifikační práce)</subfield>
  </datafield>
  <datafield tag="518" ind1=" " ind2=" ">
   <subfield code="a">Rok obhajoby 2020</subfield>
  </datafield>
  <datafield tag="520" ind1="3" ind2=" ">
   <subfield code="a">ABSTRACT My thesis underscores the differences separating Argentine and Czech business cultures and practices, while showing where and how they can be bridged. I used standard U.S. managerial norms as a reference point. The material I reviewed leads me to the conclude that Argentine firms seeking to do business in the Czech Republic, and vice versa, must master the cultural nuances of both countries. I became interested in this subject during the three years I lived in Prague, from 2011-2014. As a resident of the Czech Republic, I came to marvel the system of public transportation upon which the country relies. Trams, trains, and busses are ubiquitous there. Czech systems are efficient, low cost, and undoubtedly one of key reasons the Czech capital both maintains, and has retained, its attractiveness as a tourist destination. My native Argentina once relied heavily on a national rail system, as Czechs still do. In The South American state’s cultural identity resembles its Czech counterpart on this respect. Just as Czechs and the country’s neighbors view with pride the famed Skoda Works, Argentina’s identity was entwined with railways and agriculture. It was British workers who developed the South American state’s railway network, upon which beef and other exports depended. They also played football and formed clubs, giving birth to Argentina’s passion and point of pride, as well as the export of star players to Europe. The neoliberalism doctrine 1990s saw the abandonment of the great Argentine rail system, which fell into disrepair and was sold off or abandoned. Trains, planes, and automobiles never did replace the rails. The economic gap between the capital and its provinces continued to grow; the Argentine economy never really recovered. The fall of communism led to the selling of Czech state enterprises (in Czechoslovakia, the predecessor state at the time). Those similarities end here.</subfield>
  </datafield>
  <datafield tag="520" ind1="8" ind2=" ">
   <subfield code="a">The Czech transportation is critical to the life of the country, and exports tramcars overseas. No one would doubt that the Czech Republic benefited from a degree of investment in the form of E.U. funds to a degree not seen in Argentina since the earlier part of the last century. Corruption is not unknown in either country. I believe an explanation can be found in cultural factors which make differ markedly in both countries. The South American state’s firms rely on improvisation as a management style to a greater degree than their Czech equivalents, where people are more risk averse, and in my view, prefer a predetermined plan. I try to identify particular cultural values with business practices in both countries, towards the goal of showing how managers behave the way they do. I also focus on the challenge firms face when they seek to expand market share, using microeconomic criteria and the theories enunciated by the authors’ Porter and Garelli. The data and case studies reported in my thesis, reveal how cultural factors affect company survival and export growth. I also deeply considered the work, and the “cultural analysis,” of the authors’ Hofstede and Trompenaars. Uncertainty avoidance, long-term orientation, performance growth and power distance stood out from among the concepts these scholars I introduced in my thesis.</subfield>
  </datafield>
  <datafield tag="538" ind1=" " ind2=" ">
   <subfield code="a">Způsob přístupu: Internet</subfield>
  </datafield>
  <datafield tag="653" ind1="0" ind2=" ">
   <subfield code="a">mezinárodní obchod [obor disert. práce]</subfield>
  </datafield>
  <datafield tag="655" ind1=" " ind2="7">
   <subfield code="a">disertace</subfield>
   <subfield code="7">fd132024</subfield>
   <subfield code="2">czenas</subfield>
  </datafield>
  <datafield tag="655" ind1=" " ind2="9">
   <subfield code="a">dissertations</subfield>
   <subfield code="2">eczenas</subfield>
  </datafield>
  <datafield tag="690" ind1=" " ind2=" ">
   <subfield code="a">Cultural Dimensions.</subfield>
  </datafield>
  <datafield tag="690" ind1=" " ind2=" ">
   <subfield code="a">Change Management</subfield>
  </datafield>
  <datafield tag="690" ind1=" " ind2=" ">
   <subfield code="a">System Thinking Theory</subfield>
  </datafield>
  <datafield tag="690" ind1=" " ind2=" ">
   <subfield code="a">Uncertainty Avoidance</subfield>
  </datafield>
  <datafield tag="690" ind1=" " ind2=" ">
   <subfield code="a">Cultural Intelligence.</subfield>
  </datafield>
  <datafield tag="690" ind1=" " ind2=" ">
   <subfield code="a">Microeconomics Approach.</subfield>
  </datafield>
  <datafield tag="690" ind1=" " ind2=" ">
   <subfield code="a">Managerial Practices.</subfield>
  </datafield>
  <datafield tag="690" ind1=" " ind2=" ">
   <subfield code="a">Conflict Resolution.</subfield>
  </datafield>
  <datafield tag="700" ind1="1" ind2=" ">
   <subfield code="a">Zadražilová, Dana,</subfield>
   <subfield code="d">1958-</subfield>
   <subfield code="7">xx0010520</subfield>
   <subfield code="4">ths</subfield>
  </datafield>
  <datafield tag="700" ind1="1" ind2=" ">
   <subfield code="a">Křečková Kroupová, Zuzana,</subfield>
   <subfield code="d">1972-</subfield>
   <subfield code="7">vse2011648461</subfield>
   <subfield code="4">opn</subfield>
  </datafield>
  <datafield tag="710" ind1="2" ind2=" ">
   <subfield code="a">Vysoká škola ekonomická v Praze.</subfield>
   <subfield code="b">Fakulta mezinárodních vztahů</subfield>
   <subfield code="7">kn20010709400</subfield>
   <subfield code="4">dgg</subfield>
  </datafield>
  <datafield tag="856" ind1="4" ind2="0">
   <subfield code="u">https://insis.vse.cz/zp/65414/podrobnosti</subfield>
   <subfield code="y">VŠKP v InSIS</subfield>
  </datafield>
  <datafield tag="856" ind1="4" ind2="0">
   <subfield code="u">https://insis.vse.cz/zp/65414</subfield>
   <subfield code="y">Hlavní práce</subfield>
  </datafield>
  <datafield tag="856" ind1="4" ind2="0">
   <subfield code="u">https://insis.vse.cz/zp/65414/posudek/oponent/64687</subfield>
   <subfield code="y">Oponentura</subfield>
  </datafield>
  <datafield tag="856" ind1="4" ind2="0">
   <subfield code="u">https://insis.vse.cz/zp/65414/posudek/oponent/64688</subfield>
   <subfield code="y">Oponentura</subfield>
  </datafield>
  <datafield tag="856" ind1="4" ind2="0">
   <subfield code="u">https://insis.vse.cz/zp/65414/priloha/19429</subfield>
   <subfield code="y">Přiloha k práci</subfield>
  </datafield>
  <datafield tag="856" ind1="4" ind2="0">
   <subfield code="u">https://insis.vse.cz/zp/65414/priloha/20963</subfield>
   <subfield code="y">Přiloha k práci</subfield>
  </datafield>
  <datafield tag="856" ind1="4" ind2="0">
   <subfield code="u">https://insis.vse.cz/zp/65414/priloha/20964</subfield>
   <subfield code="y">Přiloha k práci</subfield>
  </datafield>
  <datafield tag="856" ind1="4" ind2="0">
   <subfield code="u">https://insis.vse.cz/zp/65414/priloha/20965</subfield>
   <subfield code="y">Přiloha k práci</subfield>
  </datafield>
  <datafield tag="856" ind1="4" ind2="0">
   <subfield code="u">https://insis.vse.cz/zp/65414/priloha/20966</subfield>
   <subfield code="y">Přiloha k práci</subfield>
  </datafield>
  <datafield tag="856" ind1="4" ind2="0">
   <subfield code="u">https://insis.vse.cz/zp/65414/priloha/20967</subfield>
   <subfield code="y">Přiloha k práci</subfield>
  </datafield>
  <datafield tag="856" ind1="4" ind2="0">
   <subfield code="u">https://insis.vse.cz/zp/65414/priloha/20968</subfield>
   <subfield code="y">Přiloha k práci</subfield>
  </datafield>
  <datafield tag="856" ind1="4" ind2="0">
   <subfield code="u">https://insis.vse.cz/zp/65414/priloha/20969</subfield>
   <subfield code="y">Přiloha k práci</subfield>
  </datafield>
  <datafield tag="856" ind1="4" ind2="0">
   <subfield code="u">https://insis.vse.cz/zp/65414/priloha/20970</subfield>
   <subfield code="y">Přiloha k práci</subfield>
  </datafield>
  <datafield tag="999" ind1="4" ind2="0">
   <subfield code="u">https://insis.vse.cz/zp/65414/podrobnosti</subfield>
   <subfield code="y">dc:identifier</subfield>
  </datafield>
  <datafield tag="993" ind1=" " ind2=" ">
   <subfield code="x">NEPOSILAT</subfield>
   <subfield code="y">VSKP</subfield>
  </datafield>
  <datafield tag="999" ind1="4" ind2="9">
   <subfield code="a">vse65414</subfield>
   <subfield code="b">200821</subfield>
  </datafield>
  <datafield tag="999" ind1="4" ind2="5">
   <subfield code="x">65414</subfield>
  </datafield>
 </record>
</collection>
